Successful ASIC design the first time through / (Record no. 25852)

MARC details
000 -LEADER
fixed length control field 00875cam a22002535a 4500
001 - CONTROL NUMBER
control field 1999522
005 - DATE AND TIME OF LATEST TRANSACTION
control field 20180104105655.0
008 - FIXED-LENGTH DATA ELEMENTS--GENERAL INFORMATION
fixed length control field 900920s1991 nyua frb 001 0 eng d
020 ## - INTERNATIONAL STANDARD BOOK NUMBER
International Standard Book Number 0442003129
020 ## - INTERNATIONAL STANDARD BOOK NUMBER
International Standard Book Number 9780442003128
040 ## - CATALOGING SOURCE
Original cataloging agency DLC
Transcribing agency DLC
Modifying agency DLC
-- EG-ScBUE
Language of cataloging eng
082 04 - DEWEY DECIMAL CLASSIFICATION NUMBER
Classification number 621.395
Edition number 22
Item number HUB
100 1# - MAIN ENTRY--PERSONAL NAME
Personal name Huber, John P.
245 10 - TITLE STATEMENT
Title Successful ASIC design the first time through /
Statement of responsibility, etc John P. Huber and Mark W. Rosneck.
260 ## - PUBLICATION, DISTRIBUTION, ETC. (IMPRINT)
Place of publication, distribution, etc New York :
Name of publisher, distributor, etc Van Nostrand Reinhold,
Date of publication, distribution, etc c.1991.
300 ## - PHYSICAL DESCRIPTION
Extent xvi, 200 p. :
Other physical details ill. ;
Dimensions 24 cm.
504 ## - BIBLIOGRAPHY, ETC. NOTE
Bibliography, etc Includes bibliographical references and index.
650 #7 - SUBJECT ADDED ENTRY--TOPICAL TERM
Topical term or geographic name as entry element Application specific integrated circuits
General subdivision Design and construction.
Source of heading or term BUEsh
650 #7 - SUBJECT ADDED ENTRY--TOPICAL TERM
Topical term or geographic name as entry element VHDL (Computer hardware description language)
Source of heading or term BUEsh
9 (RLIN) 34515
651 ## - SUBJECT ADDED ENTRY--GEOGRAPHIC NAME
Source of heading or term BUEsh
653 ## - INDEX TERM--UNCONTROLLED
Resource For college Generalities
-- Informatics and Computer Science
Arrived date list January2018
700 1# - ADDED ENTRY--PERSONAL NAME
Personal name Rosneck, Mark W.
942 ## - ADDED ENTRY ELEMENTS (KOHA)
Source of classification or shelving scheme Dewey Decimal Classification
Holdings
Withdrawn status Item status Source of classification or shelving scheme Damaged status Not for loan Home library Current library Shelving location Date acquired Source of acquisition Total Checkouts Full call number Barcode Date last seen Koha item type
    Dewey Decimal Classification     Central Library Central Library First floor 04/01/2018 Purchase   621.395 HUB 000047084 15/07/2025 Book - Borrowing